Structure Questions in 'A' Level Chemistry

Bibliographic Details
Main Authors: Hillman, Robin A. H, McCarty, Colin T.
Format: Section = Libro
Language:Undetermined
Spanish
Published: London Heinemann Educational Books 1976
Edition:1a.ed
Subjects:
LEADER 00604nam a2200229Ia 4500
008 240830s9999 xx 000 0 und d
020 |a 0-435-65098 
040 |a CEDOC FIQ-RUSB / 547 H654 
041 |a spa 
082 |a 547 H654 
100 1 |a Hillman, Robin A. H 
100 1 |b McCarty, Colin T.  
245 1 0 |a Structure Questions in 'A' Level Chemistry 
250 |a 1a.ed 
260 |a London  |b Heinemann Educational Books  |c 1976 
300 |a 119 p. :il. 
650 7 |a QUÍMICA ORGÁNICA 
650 7 |b  TASAS DE REACCIÓN 
650 7 |d  FERMENTACION 
942 |c BK  |2 ddc 
991 |a TEXTO 
999 |c 14054